| 000 | 00579nam a22001817a 4500 | ||
|---|---|---|---|
| 003 | CEME | ||
| 005 | 20210628202205.0 | ||
| 008 | 210209b xxu||||| |||| 00| 0 eng d | ||
| 020 | _a3-540-22274-X | ||
| 040 | _c. | ||
| 082 | _a629.253 GUZ | ||
| 245 | _aIntroduction to modeling and control of internal combustion engine systems | ||
| 250 | _aGUZZELLA , L ,ONDER , C . H | ||
| 260 |
_aNEW YORK _bSPRINGER VERLAG _c2004 |
||
| 300 | _aIX,300P | ||
| 650 |
_aINTERNAL COMBUSTION ENGINE -MATHEMATICS MODELS.CONTROL OF INTERNAL COMBUSTION ENGINE SYSTEMS _958669 |
||
| 942 |
_cBK _2ddc |
||
| 999 |
_c568813 _d568813 |
||